Pilotes de F1 McLaren depuis 2000 - Statistics

General Stats
  • This quiz has been taken 20 times
  • The average score is 39 of 58
Answer Stats
Année Nationalité Answer % Correct
2007 1 Espagnol Fernando Alonso
94%
2 Espagnol Fernando Alonso
94%
2 Espagnol Fernando Alonso
94%
2017 1 Espagnol Fernando Alonso
94%
2018 1 Espagnol Fernando Alonso
94%
2 Anglais Lando Norris
94%
2 Anglais Lando Norris
94%
2 Anglais Lando Norris
94%
2 Anglais Lando Norris
94%
2023 1 Anglais Lando Norris
94%
2024 1 Anglais Lando Norris
94%
2025 1 Anglais Lando Norris
94%
2 Australien Oscar Piastri
94%
2 Australien Oscar Piastri
94%
2 Australien Oscar Piastri
94%
2019 1 Espagnol Carlos Sainz Junior
82%
2020 1 Espagnol Carlos Sainz Junior
82%
2 Anglais Lewis Hamilton
82%
2008 1 Anglais Lewis Hamilton
82%
2009 1 Anglais Lewis Hamilton
82%
2 Anglais Lewis Hamilton
82%
2 Anglais Lewis Hamilton
82%
2 Anglais Lewis Hamilton
82%
2021 1 Australien Daniel Ricciardo
76%
2022 1 Australien Daniel Ricciardo
76%
2000 1 Finlandais Mika Häkkinen
71%
2001 1 Finlandais Mika Häkkinen
71%
2 Finlandais Mika Häkkinen
71%
2 Finlandais Mika Häkkinen
71%
2 Finlandais Mika Häkkinen
71%
2005 1 Finlandais Mika Häkkinen
71%
2006 1 Finlandais Mika Häkkinen
71%
2 Anglais David Coulthard
59%
2 Anglais David Coulthard
59%
2002 1 Anglais David Coulthard
59%
2003 1 Anglais David Coulthard
59%
2004 1 Anglais David Coulthard
59%
2 Colombien Juan Pablo Montoya
59%
2 Colombien Juan Pablo Montoya
59%
2010 1 Finlandais Jenson Button
53%
2011 1 Finlandais Jenson Button
53%
2012 1 Finlandais Jenson Button
53%
2013 1 Finlandais Jenson Button
53%
2014 1 Finlandais Jenson Button
53%
2015 1 Finlandais Jenson Button
53%
2016 1 Finlandais Jenson Button
53%
3 Finlandais Jenson Button
53%
2 Kevin Magnussen
41%
3 Danois Kevin Magnussen
41%
3 Belge Stoffel Vandoorne
35%
2 Belge Stoffel Vandoorne
35%
2 Belge Stoffel Vandoorne
35%
2 Finlandais Heikki Kovalainen
29%
2 Finlandais Heikki Kovalainen
29%
3 Espagnol Pedro de la Rosa
24%
3 Espagnol Pedro de la Rosa
24%
4 Autrichien Alexander Wurz
18%
2 Sergio Pérez
18%
No matching quizzes found
Score Distribution
Percent of People with Each Score
Percentile by Number Answered
Your Score History
You have not taken this quiz